• 首页
  • 本馆介绍
  • 公告通知
  • 最新文献
  • 馆藏检索
  • 电子资源
  • 读者导购
  • 参考咨询
  • 我的图书馆
  • 登录
  • 详细信息显示
  • 放入我的书架
  • 预约/预借图书
  • 作者相关作品
  • 分类相关作品
  • 丛书相关作品
  • 出版社相关作品

书目信息

  • 表格格式
  • 工作单格式
  • 卡片格式
题名:
跳跃教学参考
    
 
作者: 高义 著 ;杨纯福审阅
分册:  
出版信息: 长春   吉林省体育运动委员会  1982
页数: 72页
开本: 19cm
丛书名:
单 册:
中图分类: G832.22
科图分类:
主题词: 体操
电子资源:
ISBN:
000 00570nam0 2200205 45
001 0405051091
005 20040505102938.2
010    @dCNY0.35
100    @a20040505d1982 km y0chiy0120 ea
101 0  @achi
105    @a z 000yy
200 1  @a跳跃教学参考@ATiao Yue Jiao Xue Can Kao@f高义著@FGao Yi Zhu@g杨纯福审阅
210    @a长春@c吉林省体育运动委员会@d1982
215    @a72页@d19cm
606 0  @a体操
690    @aG832.22@v3
701  0 @a高义@4著
702  0 @a杨纯福审阅@AYang Chun Fu Shen Yue
801    @aCN@bTSTCL@c20040505
905    @f3@b100618-620@dG832.22@e7
    
    跳跃教学参考/高义著/杨纯福审阅.-长春:吉林省体育运动委员会,1982
    72页;19cm
    
    
    ISBN :CNY0.35
    
●
相关链接 在E读中查询图书 在五车中查询图书 在当当中查询图书 在豆瓣中查询图书


正题名:跳跃教学参考     索取号:G832.22/7         预约/预借

序号 登录号 条形码 馆藏地/架位号 状态 备注
1 0100618   000995338   密集书库/ [索取号:G832.22/7] 在馆    
2 0100619   000995392   密集书库/ [索取号:G832.22/7] 在馆    
3 0100620   000995409   密集书库/ [索取号:G832.22/7] 在馆    
4 0100621   000995347   第一样本阅览室/ [索取号:G832.22/7] 在馆    
唐山师范学院图书馆 欢迎您!
大连网信软件有限公司© 版权所有